000
00285nam a22001337a 4500
008
171013b xxu||||| |||| 00| 0 eng d
020
_a
9780324289169
041
_a
eng
080
_2
8 ED
_a
336
100
_a
51
101
_a
INV
245
_a
INVESTMENT
_c
MAYO.H.B
942
_2
udc
_c
BK
999
_c
33827
_d
33827